Statistiken für Hauptstädte, die mit L beginnen

Klicken Sie hier um das Quiz zu spielen!

Allgemein

  • Dieses Quiz wurde 688 mal gespielt
  • Das Durchschnittsergebnis liegt bei 6 aus 10

Antwortstatistiken

Hauptstädte % Korrekt
Lissabon
82%
London
76%
Lima
72%
Luxemburg
70%
Luanda
66%
Lusaka
57%
Lome
53%
Ljubljana
46%
Libreville
45%
Lilongwe
45%

Verteilung der Resultate

Perzentil nach korrekt beantworteten Fragen

Anzahl Personen mit jedem Resultat

Ihre Resultats-Entwicklung

Sie haben dieses Quiz noch nicht gespielt